[Event "Durban USSA op"]
[Site "Durban"]
[Date "2023.12.05"]
[Round "4"]
[White "Salem, Abdarahim"]
[Black "Nieuwoudt, Hanno"]
[Result "1-0"]
[WhiteElo "1631"]
[BlackElo "1233"]
[PlyCount "61"]
[EventDate "2023.12.04"]
[EventType "swiss"]
[EventRounds "9"]
[EventCountry "RSA"]
[SourceTitle "CB50_2023"]
[SourceDate "2023.12.13"]
[SourceVersion "1"]
[SourceVersionDate "2023.12.13"]
[SourceQuality "1"]

1. e4 d6 2. d4 Nf6 3. f3 g6 4. Be3 Bg7 5. Nc3 0-0 6. Qd2 Nc6 7. h4 h5 8. Nh3 a6 9. Be2 e5 10. d5 Ne7 11. Nf2 c6 12. g4 hxg4 13. fxg4 cxd5 14. Nxd5 Nexd5 15. exd5 Bd7 16. h5 gxh5 17. gxh5 Bf5 18. Bh6 Ne8 19. Rg1 Kh7 20. Bxg7 Nxg7 21. 0-0-0 Qf6 22. h6 Ne8 23. Bd3 Rg8 24. Ne4 Bxe4 25. Bxe4+ Kh8 26. Rxg8+ Kxg8 27. Qg2+ Kh8 28. Kb1 Qe7 29. Rg1 Qf8 30. Qg5 b6 31. Qf5 1-0